Random Kpop song quiz - Statistics

General Stats
  • This quiz has been taken 211 times
  • The average score is 16 of 30
Answer Stats
Hint Answer % Correct
Drama aespa
92%
Shut Down BLACKPINK
91%
Unforgiven LE SSERAFIM
87%
Maestro SEVENTEEN
87%
HEYA IVE
83%
Cake ITZY
82%
Standing Next To You JUNGKOOK
81%
Love Wins All IU
76%
How sweet Newjeans
76%
Crazy Form ATEEZ
72%
Chill Kill Red Velvet
65%
Violeta IZ*ONE
60%
ISTJ NCT Dream
60%
Cream Soda EXO
59%
Killin' it P1Harmony
59%
Bad News KISS OF LIFE
57%
Forever 1 SNSD
54%
XXL YOUNG POSSE
53%
Gingamingayo Billlie
52%
Shine PENTAGON
46%
DM fromis_9
43%
Take Two BTS
39%
But Sometimes BOYNEXTDOOR
35%
Candy Sugar Pop ASTRO
31%
MMM TREASURE
28%
Boomerang WANNA ONE
23%
Now or Never SF9
16%
When I Move KARA
12%
Boogie Up WJSN
10%
Show Time SUPER JUNIOR
7%
No matching quizzes found
Score Distribution
Percent of People with Each Score
Percentile by Number Answered
Your Score History
You have not taken this quiz